000 00693nam a22002657a 4500
003 UA-OsUOA
001 21924
007 ta
008 20031215b un ||||| |||| 00| 0 ukr d
100 _aВерба В.А.
700 _aРешетняк Т.І.
090 _a061.66(075)
_bВ31
942 _cBK
040 _aUA-OsUOA
_bukr
_cUA-OsUOA
_dUA-OsUOA
245 _aОрганізація консалтингової діяльності
_bНавчальний посібник
300 _a244 с.
955 _a0
041 _aukr
080 _a061.66(075)
020 _a966-574-173-Х
260 _aКиїв
_bКНЕУ
_c2000
044 _aUA
650 7 _2UDC
999 _c308134
_d308134